La economía de la empresa / (Registro nro. 12521)

Detalles MARC
000 -LEADER
fixed length control field 02306nam a2200241Ia 4500
003 - CONTROL NUMBER IDENTIFIER
control field OSt
005 - DATE AND TIME OF LATEST TRANSACTION
control field 20210921165237.0
008 - FIXED-LENGTH DATA ELEMENTS--GENERAL INFORMATION
fixed length control field 210310s1953 sp gr 000 0 spa d
040 ## - CATALOGING SOURCE
Original cataloging agency CO-JMCR
Transcribing agency CO-JMCR
041 1# - LANGUAGE CODE
Language code of text/sound track or separate title spa
Language code of original eng
082 04 - DEWEY DECIMAL CLASSIFICATION NUMBER
Classification number 338.5 /
Item number D247e
Edition number 23
100 1# - MAIN ENTRY--PERSONAL NAME
Personal name Davenport, Herbert Joseph,
Relator term autor
9 (RLIN) 28463
245 13 - TITLE STATEMENT
Title La economía de la empresa /
Statement of responsibility, etc. Herbert joseph Davenport ; traducción del inglés por Agustín Caballero Robredo
260 ## - PUBLICATION, DISTRIBUTION, ETC.
Place of publication, distribution, etc. Madrid, España :
Name of publisher, distributor, etc. Aguilar,
Date of publication, distribution, etc. 1953
300 ## - PHYSICAL DESCRIPTION
Extent 449 páginas ;
Dimensions 21 cm.
500 ## - GENERAL NOTE
General note Incluye índice y notas a pie de página.<br/>
505 0# - FORMATTED CONTENTS NOTE
Formatted contents note Las condiciones fundamentales: el hombre y el medio ambiente. -- La economía de competencia: el régimen del precio. -- El régimen del precio. -- La especialización y el comercio en relación con el dinero. -- La fijación del precio. -- La oferta, determinada por el coste de producción. Utilidad. -- Demanda. Demanda con oferta. -- El significado del coste de producción. -- ¿Qué es la producción? ¿Qué cosas son productivas?. -- El proceso distributivo. Reparto de los resultados. -- Las distintas bases de los costes y de las participaciones en la distribución. -- Las rentas de los instrumentos como costes: la renta la tierra y el coste. -- Las rentas urbanas, las rentas rústicas y los costes. -- La capitalización frente al coste como determinante del precio. -- La capitalización, proceso merced al cual los ingresos futuros alcanzan un valor actual. -- La liquidación de las deudas. Pagos diferidos. -- El dinero, el crédito y sistema bancario. -- El fondo de capitales para préstamos. -- El tipo de los préstamos. -- Riesgos La capitalización y los tipos de descanto. -- Riesgo, benéfico e interés. -- La capitalización y los tipos de descuento. -- Clasificación de los factores de la producción. -- Las leyes del rendimiento. -- La distribución y la ley de las proporciones. -- Los costes en las grandes empresas. -- Uniones de empresas y monopolio. -- El dividendo social y la renta individual. -- Síntesis del análisis de la distribución.
650 14 - SUBJECT ADDED ENTRY--TOPICAL TERM
Topical term or geographic name entry element Rentas urbanas
9 (RLIN) 40687
650 24 - SUBJECT ADDED ENTRY--TOPICAL TERM
Topical term or geographic name entry element Demanda con ofertas
9 (RLIN) 40688
650 24 - SUBJECT ADDED ENTRY--TOPICAL TERM
Topical term or geographic name entry element Determinante del precio
9 (RLIN) 40689
700 1# - ADDED ENTRY--PERSONAL NAME
Personal name Caballero Robredo, Agustín,
Relator term traductor
9 (RLIN) 37704
942 ## - ADDED ENTRY ELEMENTS (KOHA)
Source of classification or shelving scheme Dewey Decimal Classification
Koha item type Books
Existencias
Withdrawn status Lost status Source of classification or shelving scheme Damaged status Not for loan Home library Current library Shelving location Date acquired Source of acquisition Full call number Barcode Date last seen Copy number Price effective from Koha item type
    Dewey Decimal Classification     Biblioteca Pública José María del Castillo y Rada Biblioteca Pública José María del Castillo y Rada General Stacks 04/15/2018 Donación 338.5 / D247e 430005523 05/16/2024 Ej.1 03/10/2021 Books